000 00567nam a22001697a 4500
003 OSt
005 20171010095449.0
008 120625t xxu||||| |||| 00| 0 eng d
040 _aMMSU
_cULS
100 _aAsipil, Sheryll L., et al.
_910657
245 _aOn the Job Training (OJT) in Animal Science
_cSherfyll L. Asipil, et al.
260 _c2008
300 _axvi, 56 leaves
_c28 cm.
500 _aThesis (BS Agriculture-Animal Science) -- Mariano Marcos State University-College of Agriculture, Batac City
504 _aBibliography: None
942 _2ddc
_cTHEDIS
999 _c9591
_d9591